Normal view
MARC view
Entry Uniform Title
001 - CONTROL NUMBER
- control field: 2569
003 - CONTROL NUMBER IDENTIFIER
- control field: BD-RjUL
005 - DATE AND TIME OF LATEST TRANSACTION
- control field: 20220419122030.0
008 - FIXED-LENGTH DATA ELEMENTS
- fixed length control field: 220419|| aca||aabn | a|a d
040 ## - CATALOGING SOURCE
- Original cataloging agency: BD-RjUL
- Transcribing agency: BD-RjUL
130 ## - HEADING--UNIFORM TITLE
- Uniform title: Standard edition of the works of Bernard Shaw
670 ## - SOURCE DATA FOUND
- Source citation: Work cat.: (BD-RjUL)79727: Shaw, Bernard, 1856-1950. 1957, Back to Methuselah :, 1931[reprinted 1949]